书目信息 |
| 题名: |
橡胶化学与物理
|
|
| 作者: | 多加德金 著 | |
| 分册: | ||
| 出版信息: | 北京 高等教育出版社 1957 |
|
| 页数: | 434页 | |
| 开本: | 20cm | |
| 丛书名: | 高等学校教学用书 | |
| 单 册: | ||
| 中图分类: | TQ33 | |
| 科图分类: | ||
| 主题词: | 橡胶工业 | |
| 电子资源: | ||
| ISBN: | ||
| 000 | 00622nam0 2200217 450 | |
| 001 | 0656714916 | |
| 005 | 20060413154750.67 | |
| 010 | @dCNY2.00 | |
| 100 | @a20060413d1957 km y0chiy0120 ea | |
| 101 | 0 | @achi |
| 102 | @aCN@b110000 | |
| 200 | 1 | @a橡胶化学与物理@Axiang jiao hua xue yu wu li@f(苏)Б·А·多加德金著@F(su)Б·А·duo jia de jin zhu |
| 210 | @a北京@c高等教育出版社@d1957 | |
| 215 | 1 | @a434页@d20cm |
| 225 | 2 | @a高等学校教学用书 |
| 410 | 0 | @12001 @a高等学校教学用书 |
| 606 | 0 | @a橡胶工业 |
| 690 | @aTQ33@v4 | |
| 701 | 0 | @a多加德金@Aduo jia de jin@4著 |
| 801 | 0 | @aCN@bPFT@c20060413 |
| 905 | @a10447@dTQ33@e2 | |
| 橡胶化学与物理/(苏)Б·А·多加德金著.-北京:高等教育出版社,1957 |
| 434页;20cm.-(高等学校教学用书) |
| ISBN :CNY2.00 |
| ● |
| 相关链接 |
|
|
|
|
正题名:橡胶化学与物理
索取号:TQ33/2
 
预约/预借
| 序号 | 登录号 | 条形码 | 馆藏地/架位号 | 状态 | 备注 |
| 1 | 0000074 | 202255807 | 密集书库/ [索取号:TQ33/2] | 在馆 |